Extension workers handbook. (Record no. 14206)

000 -LEADER
fixed length control field 00665nam a2200205 a 4500
001 - CONTROL NUMBER
control field :::00012033$&:&@@
003 - CONTROL NUMBER IDENTIFIER
control field OkBaRHE
005 - DATE AND TIME OF LATEST TRANSACTION
control field 20000607103415.0
008 - FIXED-LENGTH DATA ELEMENTS--GENERAL INFORMATION
fixed length control field s1967 j 000 0 eng u
040 ## - CATALOGING SOURCE
Transcribing agency
100 1# - MAIN ENTRY--PERSONAL NAME
Personal name Burris, Harold D.
245 10 - TITLE STATEMENT
Title Extension workers handbook.
260 ## - PUBLICATION, DISTRIBUTION, ETC. (IMPRINT)
Place of publication, distribution, etc Springfield, MO., :
Name of publisher, distributor, etc Gospel Publishing House
Date of publication, distribution, etc c1967
300 ## - PHYSICAL DESCRIPTION
Extent 89 p. ;
Dimensions 19 cm.
490 0# - SERIES STATEMENT
Series statement Sunday school handbook series.
650 ## - SUBJECT ADDED ENTRY--TOPICAL TERM
Topical term or geographic name as entry element Assemblies of God, General Council
General subdivision Education
650 ## - SUBJECT ADDED ENTRY--TOPICAL TERM
Topical term or geographic name as entry element Church Work With the Aged
942 ## - ADDED ENTRY ELEMENTS (KOHA)
Source of classification or shelving scheme
Koha item type Books
Copies
Price effective from Damaged status Date last seen Full call number Barcode Koha item type Withdrawn status Source of classification or shelving scheme Lost status Copy number Permanent Location Date acquired Shelving location Not for loan
2010-04-14 2010-04-14BX 8769 .A3B812033Books   1RHEMA Bible Training College2010-04-14General Stacks